Resources and the environment: Policy perspectives for Canada (Record no. 516159)

000 -LEADER
fixed length control field 00449nam a22001337a 4500
082 ## - DEWEY DECIMAL CLASSIFICATION NUMBER
Classification number TNC O91x71 D969
100 ## - MAIN ENTRY--PERSONAL NAME
Personal name Dwivedi, O.P.
9 (RLIN) 22571
245 ## - TITLE STATEMENT
Title Resources and the environment: Policy perspectives for Canada
260 ## - PUBLICATION, DISTRIBUTION, ETC. (IMPRINT)
Place of publication, distribution, etc Canada
Name of publisher, distributor, etc The Canadian
Date of publication, distribution, etc 1980
300 ## - PHYSICAL DESCRIPTION
Extent 346p.
650 ## - SUBJECT ADDED ENTRY--TOPICAL TERM
Topical term or geographic name as entry element Environmental policy - Canada
9 (RLIN) 22572
650 ## - SUBJECT ADDED ENTRY--TOPICAL TERM
Topical term or geographic name as entry element Natural resources - Canada
9 (RLIN) 22573
650 ## - SUBJECT ADDED ENTRY--TOPICAL TERM
Topical term or geographic name as entry element Environmental protective - Canada - Case studies
9 (RLIN) 22574
Holdings
Withdrawn status Lost status Source of classification or shelving scheme Damaged status Koha normalized classification for sorting Not for loan Permanent location Current location Date acquired Full call number Barcode Date last seen Price effective from Koha item type
        TNC_O91X71_D969   Indian Institute of Public Administration Indian Institute of Public Administration 2021-02-18 TNC O91x71 D969 GR22868 2021-02-18 2021-02-18 GR

Powered by Koha